| 000 | 00603nam a2200193Ia 4500 | ||
|---|---|---|---|
| 001 | 22613 | ||
| 003 | GE_BSU | ||
| 008 | 181216s||||||||xx |||||||||||||| ||und|| | ||
| 040 | _cGE_BSU | ||
| 245 | _aАгротехника и технологии. 3(67) Май-Июнь 2018 | ||
| 245 | _cГл. ред. Мария Лушникова | ||
| 260 | _aМосква | ||
| 260 | _c2018 | ||
| 300 | _a59 стр. 29см. илл. | ||
| 653 | _aАгротехника и технологии. 3(67) Май-Июнь 2018 | ||
| 653 | _aПериодика | ||
| 653 | _aპერიოდიკა | ||
| 942 | _cCR | ||
| 999 |
_c55531 _d55531 |
||